[Event "Esbjerg 100 Years Weekend"]
[Site "Esbjerg"]
[Date "2022.10.22"]
[Round "5"]
[White "Larsen, Lars Moller"]
[Black "Loftgaard, Mikkel Vinh"]
[Result "0-1"]
[WhiteElo "1933"]
[BlackElo "2091"]
[PlyCount "50"]
[EventDate "2022.10.21"]
[EventType "swiss"]
[EventRounds "7"]
[EventCountry "DEN"]
[SourceTitle "EXT 2024"]
[Source "ChessBase"]
[SourceDate "2023.10.10"]
[SourceVersion "1"]
[SourceVersionDate "2023.10.10"]
[SourceQuality "1"]

1. d4 Nf6 2. Nf3 e6 3. e3 d5 4. Bd3 Bd6 5. b3 0-0 6. Bb2 b6 7. Nbd2 Bb7 8. 0-0 Nbd7 9. Qe2 Ne4 10. c4 c5 11. Rac1 Nxd2 12. Nxd2 Rc8 13. e4 cxd4 14. exd5 exd5 15. cxd5 Rxc1 16. Rxc1 Nc5 17. Bb1 Bf4 18. Rd1 Re8 19. Qf1 Qxd5 20. Nc4 d3 21. Ne3 Rxe3 22. fxe3 Bxe3+ 23. Kh1 Ne4 24. Rxd3 Ng3+ 25. hxg3 Qh5# 0-1